000 00435nam a2200205Ia 4500
001 000112
003 YMCAF
005 20230512160007.0
008 100717s1970 ||||||||||||||||| ||und|d
024 _a112
035 _a111
040 _aYMCAF
_beng
_cIN-KoLT
041 _aeng
082 _aINT-COO
100 _aCOOMBE R.A.
245 0 _aINTRODUCTIONTO DIRECT ENERGY CONVER
260 _c1970
300 _a186
942 _2ddc
_cBK
999 _c107
_d107